Los herederos: los estudiantes y la cultura

Gardado en:
Detalles Bibliográficos
Autor Principal: Bourdieu, Pierre
Outros autores: Passeron, Jean-Claude
Formato: Libro
Idioma:Lingua castelá
Publicado: Buenos Aires, Argentina Siglo XXI 2003
Series:Sociología y Política
Subjects:
Tags: Engadir etiqueta
Sen Etiquetas, Sexa o primeiro en etiquetar este rexistro!

MARC

LEADER 00000nam a2200000 a 4500
001 UCL7071
003 CL-VaPUC
005 20240125113209.0
008 040430e20030000AG |||||||||||||||||spa|d
999 |c 308934  |d 308932 
020 |a 987110555X 
040 |c Pontificia Universidad Católica de Valparaíso 
082 0 4 |a 306.43 BOU 2003  |2 21 
100 0 |a Bourdieu, Pierre  |9 308635 
245 1 4 |a Los herederos: los estudiantes y la cultura 
260 0 3 |a Buenos Aires, Argentina  |b Siglo XXI  |c 2003 
300 |a 189 páginas 
490 0 |a Sociología y Política 
583 |a last modification  |c 20040430 00:00:00  |k Rodrigo Vera 
650 0 |a Sociología de la educación   |9 260380 
650 0 |a Igualdad de oportunidades  |9 331873 
650 0 |a Antropología cultural y social   |9 265143 
650 0 |a Desarrollo cultural  |9 267526 
700 0 |a Passeron, Jean-Claude  |9 484825 
942 |c BK  |2 ddc 
945 |d 20040430 00:00:00  |a cmena 
952 |0 0  |1 0  |2 ddc  |4 0  |6 306_430000000000000_BOU_2003  |7 0  |8 A  |9 375910  |a BIBGIM  |b BIBGIM  |d 2019-11-21  |i 4012895  |l 1  |o 306.43 BOU 2003  |p 4012895  |r 2025-01-15  |s 2023-06-14  |t 2  |w 2019-11-21  |y BK  |k SSL 
952 |0 0  |1 0  |2 ddc  |4 0  |6 306_430000000000000_BOU_2003  |7 0  |8 A  |9 375911  |a BIBEDU  |b BIBEDU  |d 2019-11-21  |i 4020774  |o 306.43 BOU 2003  |p 4020774  |r 2019-11-21  |t 4  |w 2019-11-21  |y BK  |k PSI 
952 |0 0  |1 0  |2 ddc  |4 0  |6 306_430000000000000_BOU_2003  |7 0  |8 A  |9 375912  |a BIBGIM  |b BIBGIM  |d 2019-11-21  |i 4035801  |o 306.43 BOU 2003  |p 4035801  |r 2025-01-15  |t 3  |w 2019-11-21  |y BK  |k SSL 
952 |0 0  |1 0  |2 ddc  |4 0  |6 306_430000000000000_BOU_2003  |7 0  |8 A  |9 375913  |a BIBEDU  |b BIBEDU  |d 2019-11-21  |i 4108345  |l 4  |o 306.43 BOU 2003  |p 4108345  |r 2022-08-11  |s 2022-07-13  |t 5  |w 2019-11-21  |y BK  |k PSI 
952 |0 0  |1 0  |2 ddc  |4 0  |6 306_430000000000000_BOU_2003  |7 0  |8 A  |9 375914  |a BIBHIS  |b BIBHIS  |d 2019-11-21  |i 4354702  |o 306.43 BOU 2003  |p 4354702  |r 2025-01-20  |t 1  |w 2019-11-21  |y BK  |k HIS 
952 |0 0  |1 0  |2 ddc  |4 0  |6 306_430000000000000_BOU_2003  |7 0  |8 A  |9 375915  |a BIBEDU  |b BIBEDU  |d 2019-11-21  |i 4486706  |l 2  |o 306.43 BOU 2003  |p 4486706  |r 2022-07-26  |s 2022-07-26  |t 6  |w 2019-11-21  |y BK  |k PSI